00438cam a22001337a 4500008004000000082001200040100002100052245005800073260004400131300001300175650001400188999001900202952008300221180718b1970 xxu||||| |||| 00| 0 eng d aT1 W216 aWard, Richard A. aThe economic and financial systemcby Richard A. Ward aCaliforniabInternatonal Textbookc1970 aix,302p. aEconomics c433162d433162 00104070aIIPAbIIPAd2010-02-05oT1 W216p45624r2018-07-21w2018-07-21yBK